Classement du Ballon d'or 1979 - Statistiques

Statistiques générales
  • Ce quiz a été pris 22 fois
  • Le résultat moyen est 9 sur 32
Statistiques - réponses
Classement Joueur Club du joueur Nationalité % Correct
5 Michel Platini AS Nancy-Lorraine / AS Saint-Etienne France
94%
2 Karl-Heinz Rummenigge Bayern Munich Allemagne
81%
1 Kevin Keegan Hambourg SV Angleterre
81%
30 Hansi Müller VFB Stuttgart Allemagne de l'Ouest
69%
11 Kenny Dalglish Liverpool FC Ecosse
56%
6 Paolo Rossi Pérouse Calcio Italie
56%
12 Allan Simonsen Borussia Mönchengladbach / FC Barcelone Danemark
50%
20 Marius Trésor Olympique de Marseille France
50%
13 Paul Breitner Bayern Munich Allemagne
44%
9 Zbigniew Boniek Widzew Lodz Pologne
44%
22 Bruno Pezzey Eintracht Francfort Autriche
31%
18 Johnny Rep SC Bastia / AS Saint-Etienne Pays-Bas
31%
7 Liam Brady Arsenal FC Irlande
31%
3 Ruud Krol Ajax Amsterdam Pays-Bas
31%
15 Safet Susic Sarajevo Yougoslavie
31%
31 Antonin Panenka Bohemian RFC Tchécoslovaquie
25%
16 Johann Krankl FC Barcelone Autriche
25%
4 Manfred Kaltz Hambourg SV Allemagne
25%
8 Trevor Francis Nottingham Forest Angleterre
19%
19 Uli Stielike Real Madrid Allemagne
19%
25 Franco Causio Juventus FC Italie
0%
24 Gordon McQueen Manchester United Ecosse
0%
23 João Alves SL Benfica / Paris Saint-Germain Portugal
0%
27 Juan Manuel Asensi FC Barcelone Espagne
0%
14 Kees Kist AZ Alkmaar Pays-Bas
0%
26 René Van de Kerkhof PSV Eindhoven Pays-Bas
0%
29 Ronnie Hellström FC Kaiserslautern Suède
0%
21 Simon Tahamata Ajax Amsterdam Pays-Bas
0%
17 Tony Woodcock Nottingham Forest / FC Cologne Angleterre
0%
28 Trevor Brooking West Ham United Angleterre
0%
32 Walter Schachner Austria Vienne Autriche
0%
10 Zdenek Nehoda Dukla Prague Tchécoslovaquie
0%
Aucun quiz correspondant
Distribution des résultats
% des personnes avec chaque résultat
Percentile par nombre de réponses
Votre historique - résultats
Vous n’avez pas pris ce quiz